[Event "World Team Championship"]
[Site "Ningbo CHN"]
[Date "2011.07.19"]
[Round "3"]
[White "Wang Hao"]
[Black "Sutovsky, Emil"]
[Result "1/2-1/2"]
[WhiteElo "2718"]
[BlackElo "2700"]
[PlyCount "157"]
[EventDate "2011.07.17"]

1. e4 c5 2. Nf3 d6 3. d4 cxd4 4. Nxd4 Nf6 5. Nc3 a6 6. Bg5 e6 7. f4 Qb6 8. Qd2
Qxb2 9. Rb1 Qa3 10. e5 h6 11. Bh4 dxe5 12. fxe5 Nd5 13. Nxd5 exd5 14. e6 Bxe6
15. Nxe6 fxe6 16. Be2 Be7 17. Bh5+ Kd8 18. Bxe7+ Qxe7 19. O-O Nd7 20. Rf7 Qc5+
21. Kh1 Rf8 22. Rxg7 Rf6 23. Bf3 Rc8 24. Rxb7 Rc7 25. Rxc7 Kxc7 26. h3 Kd6 27.
Qd3 Qa5 28. Be2 Qe1+ 29. Kh2 Nc5 30. Qd4 Qf2 31. Qb2 Kc6 32. Bxa6 Nxa6 33. Qb7+
Kc5 34. Qc8+ Kd4 35. Rg4+ Ke5 36. Qxa6 h5 37. Rg3 h4 38. Rg4 Rf4 39. Qb7 Rxg4
40. Qc7+ Kf6 41. hxg4 Qe1 42. Qf4+ Kg6 43. a4 e5 44. Qf5+ Kg7 45. g5 Qg3+ 46.
Kg1 Qe1+ 47. Qf1 Qe3+ 48. Qf2 Qc1+ 49. Kh2 Qxg5 50. g3 Qg4 51. a5 Qa4 52. Qd2
hxg3+ 53. Kxg3 Qb5 54. Qg5+ Kf7 55. Qf5+ Ke7 56. Qxe5+ Kd7 57. Qc3 Qe2 58. Qc5
Qe1+ 59. Kf3 Qf1+ 60. Qf2 Qh3+ 61. Ke2 Qg4+ 62. Qf3 Qc4+ 63. Qd3 Qg4+ 64. Ke3
Qg1+ 65. Kf3 Qh1+ 66. Kf4 Qh4+ 67. Kf5 Qh5+ 68. Kf6 Qh4+ 69. Kg7 Qe7+ 70. Kg6
Qe8+ 71. Kf5 Qh5+ 72. Kf6 Qh4+ 73. Kf7 Qe7+ 74. Kg6 Qe8+ 75. Kg7 Qe7+ 76. Kh6
Qh4+ 77. Kg6 Qg4+ 78. Kh7 Qh4+ 79. Kg7 1/2-1/2

[Event "World Team Championship"]
[Site "Ningbo CHN"]
[Date "2011.07.19"]
[Round "3"]
[White "Roiz, Michael"]
[Black "Wang Yue"]
[Result "1/2-1/2"]
[WhiteElo "2669"]
[BlackElo "2709"]
[PlyCount "63"]
[EventDate "2011.07.17"]

1. d4 d5 2. c4 c6 3. Nc3 Nf6 4. e3 a6 5. Nf3 b5 6. b3 Bg4 7. Bd2 Nbd7 8. h3
Bxf3 9. Qxf3 b4 10. Na4 e5 11. Qd1 Bd6 12. Bd3 O-O 13. O-O a5 14. cxd5 cxd5 15.
dxe5 Bxe5 16. Rc1 Qe7 17. Rc2 Rad8 18. Bc1 h5 19. Bb2 Bxb2 20. Rxb2 Nc5 21.
Nxc5 Qxc5 22. Rd2 Qe7 23. Qe2 g6 24. Rfd1 Rc8 25. Rc2 Ne4 26. Bxe4 dxe4 27. Rd5
Rfd8 28. Qd2 Qf6 29. Rxc8 Rxc8 30. Rxa5 h4 31. Kh2 Rd8 32. Rd5 1/2-1/2

[Event "World Team Championship"]
[Site "Ningbo CHN"]
[Date "2011.07.19"]
[Round "3"]
[White "Harikrishna, Pentala"]
[Black "Ivanchuk, Vassily"]
[Result "1/2-1/2"]
[WhiteElo "2669"]
[BlackElo "2768"]
[PlyCount "86"]
[EventDate "2011.07.17"]

1. d4 g6 2. Nf3 Bg7 3. e4 d6 4. Nc3 Nf6 5. Be2 O-O 6. O-O c6 7. a4 Qc7 8. Be3
e5 9. dxe5 dxe5 10. a5 Bg4 11. Bc4 Rd8 12. Qe2 Qe7 13. h3 Bxf3 14. Qxf3 Nbd7
15. Nb1 b5 16. axb6 axb6 17. Rxa8 Rxa8 18. c3 b5 19. Bd3 Qf8 20. Bg5 h6 21. Bc1
h5 22. Nd2 Bh6 23. b4 Kg7 24. Qe2 Ra2 25. Bb1 Ra8 26. Bc2 c5 27. Qxb5 cxb4 28.
cxb4 Rb8 29. Qc4 Rxb4 30. Qc3 Qc5 31. Qxc5 Nxc5 32. Nf3 Bxc1 33. Rxc1 Nfd7 34.
Rd1 Kf6 35. Rd5 Rc4 36. Bd3 Rc1+ 37. Kh2 Rd1 38. Bc4 Rxd5 39. Bxd5 Nb6 40. Bc6
Ke6 41. g3 Kd6 42. Be8 Ke7 43. Bc6 Kd6 1/2-1/2

[Event "World Team Championship"]
[Site "Ningbo CHN"]
[Date "2011.07.19"]
[Round "3"]
[White "Eljanov, Pavel"]
[Black "Sasikiran, Krishnan"]
[Result "1/2-1/2"]
[WhiteElo "2697"]
[BlackElo "2681"]
[PlyCount "73"]
[EventDate "2011.07.17"]

1. Nf3 Nf6 2. c4 b6 3. g3 c5 4. Bg2 Bb7 5. O-O g6 6. Nc3 Bg7 7. d4 cxd4 8. Qxd4
d6 9. Rd1 Nbd7 10. Be3 Rc8 11. Rac1 O-O 12. Qh4 a6 13. b3 Rc7 14. Bh3 Qb8 15.
Bg5 Re8 16. Nd2 Nc5 17. b4 Ncd7 18. Nf1 Ba8 19. Ne3 b5 20. Ncd5 Nxd5 21. Nxd5
Bxd5 22. cxd5 Nb6 23. Rxc7 Qxc7 24. Qe4 Nc4 25. Rc1 Qb7 26. Bg2 h6 27. Bf4 Rc8
28. h4 Ne5 29. Rc2 Rc4 30. Rxc4 Nxc4 31. h5 g5 32. Bc1 Qc7 33. Qf5 Nb6 34. Be3
Nc4 35. Bc1 Nb6 36. Be3 Nc4 37. Bc1 1/2-1/2

[Event "World Team Championship"]
[Site "Ningbo CHN"]
[Date "2011.07.19"]
[Round "3"]
[White "Negi, Parimarjan"]
[Black "Efimenko, Zahar"]
[Result "1/2-1/2"]
[WhiteElo "2642"]
[BlackElo "2706"]
[PlyCount "165"]
[EventDate "2011.07.17"]

1. e4 e5 2. Nf3 Nc6 3. Bb5 a6 4. Ba4 Nf6 5. O-O Be7 6. Re1 b5 7. Bb3 d6 8. c3
O-O 9. h3 Na5 10. Bc2 c5 11. d4 Qc7 12. Nbd2 Re8 13. b4 cxb4 14. cxb4 Nc4 15.
Nxc4 bxc4 16. Re3 exd4 17. Nxd4 Bf8 18. Bb2 d5 19. e5 Ne4 20. f3 c3 21. Bc1 Ng5
22. Qd3 g6 23. Qxc3 Qxc3 24. Rxc3 Bxb4 25. Rd3 Ne6 26. Nxe6 Bxe6 27. Ba3 Ba5
28. Bb3 Rac8 29. Bd6 Rc3 30. Rad1 d4 31. Bxe6 fxe6 32. Kf1 Rxd3 33. Rxd3 Bc3
34. Ke2 Rc8 35. Rd1 Ba5 36. Kd3 Rc3+ 37. Kxd4 Rc2 38. g4 Rxa2 39. Rb1 Bd2 40.
Rb8+ Kf7 41. Kd3 a5 42. f4 a4 43. Rb7+ Kg8 44. Rb8+ Kf7 45. Rb7+ Kg8 46. f5
gxf5 47. gxf5 exf5 48. e6 Bg5 49. Rb8+ Kg7 50. e7 Bxe7 51. Bxe7 Rh2 52. h4 a3
53. Ra8 a2 54. Ke3 Kf7 55. Bd8 Ke6 56. Kf3 Rc2 57. Ra6+ Kd5 58. Bf6 Rh2 59. Kg3
Rc2 60. Kf4 Rf2+ 61. Kg3 Rc2 62. Kf4 Rf2+ 63. Kg5 f4 64. Ra4 Ke6 65. Bh8 h6+
66. Kg4 h5+ 67. Kxh5 Kf5 68. Ra5+ Ke4 69. Kg4 Rg2+ 70. Kh3 f3 71. Ra4+ Kd3 72.
Ra8 Ke4 73. Ra4+ Kd3 74. Bf6 Rc2 75. Kg3 Ke2 76. Re4+ Kf1 77. Rf4 f2 78. Bd4
Ke1 79. Rxf2 a1=Q 80. Bxa1 Rxf2 81. h5 Rf5 82. Kg4 Rxh5 83. Kxh5 1/2-1/2

[Event "World Team Championship"]
[Site "Ningbo CHN"]
[Date "2011.07.19"]
[Round "3"]
[White "Moiseenko, Alexander"]
[Black "Gopal, G.N."]
[Result "1-0"]
[WhiteElo "2715"]
[BlackElo "2576"]
[PlyCount "207"]
[EventDate "2011.07.17"]

1. d4 Nf6 2. c4 g6 3. Nc3 d5 4. Bg5 Bg7 5. Bxf6 Bxf6 6. cxd5 c5 7. dxc5 Nd7 8.
Qa4 O-O 9. Qa3 Bd4 10. Nf3 Bxc5 11. Qb3 Bd6 12. e3 Nc5 13. Qc4 b5 14. Qh4 b4
15. Nb5 b3 16. Bc4 Qa5+ 17. Nc3 bxa2 18. O-O Qb4 19. Rxa2 Bd7 20. Rd1 f6 21.
Bb5 Qxh4 22. Nxh4 Rfb8 23. Bxd7 Nxd7 24. Nf3 Rb6 25. Nd4 Ne5 26. Kf1 Rab8 27.
b3 a6 28. Na4 R6b7 29. Rc2 Kf7 30. Ke2 f5 31. Nb2 Nd7 32. Nc4 Nf6 33. Nxd6+
exd6 34. Rc6 Rb6 35. Rc7+ Kg8 36. Nc6 R8b7 37. Rc8+ Kg7 38. Na5 Rb8 39. Rc7+
Kg8 40. Kf3 Rb5 41. Nc6 R8b7 42. Rc8+ Kg7 43. Nd8 Rb8 44. Rc7+ Kg8 45. Nc6 R8b7
46. Rxb7 Rxb7 47. Nd4 Kf7 48. Ra1 Rb6 49. Ra5 Nd7 50. h3 Kf6 51. g4 Nc5 52.
gxf5 gxf5 53. Ra3 Rb4 54. Ke2 Rb6 55. f3 a5 56. Kd2 Ke5 57. Kc3 Nb7 58. Nc6+
Kxd5 59. Nxa5 Nxa5 60. Rxa5+ Ke6 61. Ra7 Rc6+ 62. Kd2 Rb6 63. Kc3 Rc6+ 64. Kb2
Rc5 65. b4 Re5 66. Ra8 Kd7 67. Ra3 Kc6 68. Rd3 Re6 69. h4 Rh6 70. Rd4 Re6 71.
Rd3 Rh6 72. Rd4 Re6 73. Rf4 Rxe3 74. Rxf5 d5 75. Kc2 d4 76. b5+ Kb6 77. h5 h6
78. f4 Rf3 79. Kd2 d3 80. Kc3 Ka5 81. Kd2 Kb6 82. Kc3 Ka5 83. Rd5 Rxf4 84. Kxd3
Kb6 85. Ke3 Rh4 86. Kf3 Rb4 87. Rd6+ Kxb5 88. Rxh6 Rh4 89. Kg3 Rh1 90. Kg4 Rg1+
91. Kf5 Rh1 92. Kg5 Rg1+ 93. Kf6 Rh1 94. Kf7 Kc5 95. Kg7 Rh2 96. Ra6 Kb5 97.
Rh6 Kc5 98. Kg8 Rh1 99. Rh7 Kd6 100. h6 Ke5 101. Re7+ Kd6 102. Ra7 Ke6 103. h7
Rg1+ 104. Rg7 1-0

[Event "World Team Championship"]
[Site "Ningbo CHN"]
[Date "2011.07.19"]
[Round "3"]
[White "Leko, Peter"]
[Black "Radjabov, Teimour"]
[Result "1/2-1/2"]
[WhiteElo "2717"]
[BlackElo "2744"]
[PlyCount "64"]
[EventDate "2011.07.17"]

1. d4 Nf6 2. c4 g6 3. Nc3 Bg7 4. e4 d6 5. Nf3 O-O 6. Be2 e5 7. Be3 Ng4 8. Bg5
f6 9. Bh4 g5 10. Bg3 Nh6 11. h3 exd4 12. Nxd4 Nc6 13. O-O f5 14. Nxf5 Nxf5 15.
exf5 Bxf5 16. Qd2 Kh8 17. Rad1 Nd4 18. Bg4 Bg6 19. Rde1 Nc2 20. Rc1 Nb4 21. Be2
a5 22. b3 Na6 23. Bd3 Bxd3 24. Qxd3 Nc5 25. Qd2 Qd7 26. f3 Rae8 27. Rcd1 h6 28.
Nd5 b6 29. Rfe1 Ne6 30. Bf2 Qf7 31. Re2 Be5 32. Re4 Rg8 1/2-1/2

[Event "World Team Championship"]
[Site "Ningbo CHN"]
[Date "2011.07.19"]
[Round "3"]
[White "Gashimov, Vugar"]
[Black "Almasi, Zoltan"]
[Result "1/2-1/2"]
[WhiteElo "2760"]
[BlackElo "2726"]
[PlyCount "110"]
[EventDate "2011.07.17"]

1. d4 Nf6 2. c4 e6 3. Nf3 b6 4. a3 Bb7 5. Nc3 d5 6. cxd5 Nxd5 7. Qc2 Nxc3 8.
bxc3 Be7 9. e4 O-O 10. Bd3 c5 11. O-O Qc7 12. Qe2 Nd7 13. Be3 Rac8 14. Nd2 Rfd8
15. a4 cxd4 16. cxd4 Qc3 17. Bc4 Nf6 18. Rfc1 Qa5 19. f3 Qh5 20. Rcb1 Nd7 21.
a5 Bg5 22. axb6 axb6 23. Ra7 Bxe3+ 24. Qxe3 Bc6 25. Be2 b5 26. Rc1 Nf8 27. Rc5
Qh4 28. g3 Qf6 29. Nb3 Be8 30. Qc1 Ra8 31. Rxa8 Rxa8 32. Rc8 Rxc8 33. Qxc8 Bd7
34. Qc5 Qh6 35. f4 Qg6 36. Nd2 Qf6 37. Nf3 Qd8 38. Bxb5 Bxb5 39. Qxb5 Qa8 40.
d5 Qa7+ 41. Kg2 Qa2+ 42. Kh3 exd5 43. exd5 Qc2 44. Nd4 Qd1 45. Qc4 h5 46. Nc6
Nd7 47. Ne5 Nxe5 48. fxe5 g5 49. d6 Qf3 50. e6 fxe6 51. d7 g4+ 52. Kh4 Qf6+ 53.
Kxh5 Qf5+ 54. Kh4 Qh7+ 55. Kxg4 Qf5+ 1/2-1/2

[Event "World Team Championship"]
[Site "Ningbo CHN"]
[Date "2011.07.19"]
[Round "3"]
[White "Mamedyarov, Shakhriyar"]
[Black "Balogh, Csaba"]
[Result "1/2-1/2"]
[WhiteElo "2765"]
[BlackElo "2643"]
[PlyCount "117"]
[EventDate "2011.07.17"]

1. d4 d5 2. c4 c6 3. Nc3 dxc4 4. e4 b5 5. a4 b4 6. Na2 Nf6 7. e5 Nd5 8. Bxc4 e6
9. Nf3 a5 10. Be3 Be7 11. Nc1 Bb7 12. Nb3 Nd7 13. O-O O-O 14. Rc1 Nxe3 15. fxe3
Nb6 16. Bd3 Nxa4 17. Qc2 g6 18. Ra1 Nxb2 19. Qxb2 a4 20. Nbd2 c5 21. Be4 Qb8
22. Bxb7 Qxb7 23. Nc4 b3 24. Nd6 Qb4 25. dxc5 Qxc5 26. Qd4 Qxd4 27. Nxd4 b2 28.
Ra2 Rfb8 29. Rb1 a3 30. Kf2 Ra6 31. Ke2 Bxd6 32. exd6 Kf8 33. Nf3 Ke8 34. Ne5
f6 35. Nc4 Ra4 36. Nxa3 Rb3 37. Raxb2 Rxb2+ 38. Rxb2 Rxa3 39. Rb7 Ra2+ 40. Kf3
Rd2 41. Re7+ Kf8 42. Rxe6 Kf7 43. Re7+ Kf8 44. Rd7 Ke8 45. Rxh7 Rxd6 46. Rg7 g5
47. g3 Kf8 48. Ra7 Rd2 49. h3 Rh2 50. Kg4 Re2 51. Ra3 Kf7 52. Kh5 Rh2 53. Ra7+
Ke6 54. Ra6+ Kf7 55. Kg4 Re2 56. Kf3 Rh2 57. Kg4 Re2 58. Kf3 Rh2 59. Kg4
1/2-1/2

[Event "44th Biel Chess Festival"]
[Site "Biel SUI"]
[Date "2011.07.19"]
[Round "2"]
[White "Caruana, Fabiano"]
[Black "Pelletier, Yannick"]
[Result "1/2-1/2"]
[WhiteElo "2711"]
[BlackElo "2590"]
[PlyCount "117"]
[EventDate "2011.07.18"]

1. e4 e6 2. d4 d5 3. Nc3 dxe4 4. Nxe4 Nd7 5. Nf3 Ngf6 6. Nxf6+ Nxf6 7. Bd3 c5
8. Be3 Qc7 9. Qe2 a6 10. O-O b6 11. dxc5 Bxc5 12. Bxc5 Qxc5 13. Qe5 Qxe5 14.
Nxe5 Ke7 15. a4 Bb7 16. Ra3 a5 17. f4 g6 18. Re1 Rhd8 19. g3 Rab8 20. Rb3 Ba8
21. Rc3 Rbc8 22. Rxc8 Rxc8 23. Kf2 Nd7 24. Nxd7 Kxd7 25. h4 h5 26. Ke3 Rc5 27.
Kd2 Bc6 28. b3 Kd6 29. c3 Bd7 30. Re4 Rd5 31. Ke3 Rc5 32. Bc4 b5 33. Rd4+ Kc7
34. axb5 Bxb5 35. Bxb5 Rxb5 36. b4 axb4 37. cxb4 e5 38. fxe5 Rxe5+ 39. Re4 Rb5
40. Rf4 f5 41. Rd4 Re5+ 42. Kf4 Re6 43. Kg5 Kc6 44. Rd8 Re3 45. Kxg6 Rxg3+ 46.
Kxh5 f4 47. Rf8 f3 48. Rf5 Kb6 49. Kh6 Kc6 50. h5 Kb6 51. Kh7 Kc6 52. h6 Kb6
53. Kh8 Kc6 54. h7 Kb6 55. Rf8 Kb5 56. Rb8+ Kc6 57. b5+ Kc7 58. Rg8 f2 59. Rf8
1/2-1/2

[Event "44th Biel Chess Festival"]
[Site "Biel SUI"]
[Date "2011.07.19"]
[Round "2"]
[White "Carlsen, Magnus"]
[Black "Shirov, Alexei"]
[Result "1-0"]
[WhiteElo "2821"]
[BlackElo "2714"]
[PlyCount "65"]
[EventDate "2011.07.18"]

1. Nf3 d5 2. d4 Nf6 3. c4 c6 4. Nc3 e6 5. e3 Nbd7 6. Bd3 dxc4 7. Bxc4 b5 8. Bd3
Bb7 9. O-O a6 10. e4 c5 11. d5 c4 12. Bc2 Qc7 13. Nd4 e5 14. Nf5 g6 15. Nh6 Nh5
16. g3 Bc5 17. Qf3 Rf8 18. Bd2 Bd4 19. b4 cxb3 20. Bxb3 Qd6 21. Rac1 Ng7 22. a4
f5 23. axb5 f4 24. Ne2 Bb6 25. bxa6 Bxa6 26. Bc4 g5 27. Bxa6 Rxa6 28. Rc8+ Bd8
29. Nf5 Nxf5 30. exf5 Nf6 31. Qd3 Ra7 32. Qb5+ Qd7 33. Rxd8+ 1-0

[Event "44th Biel Chess Festival"]
[Site "Biel SUI"]
[Date "2011.07.19"]
[Round "2"]
[White "Vachier-Lagrave, Maxime"]
[Black "Morozevich, Alexander"]
[Result "0-1"]
[WhiteElo "2722"]
[BlackElo "2694"]
[PlyCount "82"]
[EventDate "2011.07.18"]

1. c4 Nf6 2. Nc3 d5 3. cxd5 Nxd5 4. e4 Nxc3 5. bxc3 g6 6. d4 Bg7 7. Bc4 c5 8.
Ne2 Nc6 9. Be3 O-O 10. O-O Qc7 11. Rc1 b6 12. Qd2 Bb7 13. Bh6 Rad8 14. Bxg7
Kxg7 15. f4 Qd7 16. Bb5 Qe6 17. f5 Qd6 18. Bxc6 Bxc6 19. d5 Bd7 20. c4 Qe5 21.
Rc3 Rh8 22. Rh3 f6 23. Qf4 b5 24. Qh6+ Kf7 25. Nf4 Rdg8 26. Ne6 bxc4 27. Ra3
Qxe4 28. Ng5+ fxg5 29. fxg6+ Ke8 30. Rxa7 hxg6 31. Ra8+ Bc8 32. Qxg5 Kd8 33. d6
Qd4+ 34. Rf2 Qd1+ 35. Rf1 Qd4+ 36. Rf2 Qd1+ 37. Rf1 Qxd6 38. h3 Qd4+ 39. Kh1
Rf8 40. Re1 Rf6 41. Qg3 Rhf8 0-1

[Event "World Team Championship"]
[Site "Ningbo CHN"]
[Date "2011.07.20"]
[Round "4"]
[White "Karjakin, Sergey"]
[Black "Radjabov, Teimour"]
[Result "1/2-1/2"]
[WhiteElo "2788"]
[BlackElo "2744"]
[PlyCount "61"]
[EventDate "2011.07.17"]

1. e4 e5 2. Nf3 Nc6 3. Bb5 f5 4. Nc3 fxe4 5. Nxe4 d5 6. Nxe5 dxe4 7. Nxc6 Qg5
8. Qe2 Nf6 9. f4 Qxf4 10. d4 Qd6 11. Ne5+ c6 12. Bc4 Be6 13. c3 Be7 14. Bg5 O-O
15. O-O Rae8 16. Rae1 Bxc4 17. Qxc4+ Qd5 18. Rf5 Qxc4 19. Nxc4 Nd5 20. Rxf8+
Bxf8 21. g3 c5 22. Ne3 cxd4 23. Nxd5 Re5 24. Nf6+ gxf6 25. Bxf6 Rb5 26. Bxd4
Rxb2 27. Bxa7 Rxa2 28. Bd4 Bg7 29. Rxe4 Bxd4+ 30. Rxd4 b5 31. Rd5 1/2-1/2

[Event "World Team Championship"]
[Site "Ningbo CHN"]
[Date "2011.07.20"]
[Round "4"]
[White "Gashimov, Vugar"]
[Black "Grischuk, Alexander"]
[Result "1-0"]
[WhiteElo "2760"]
[BlackElo "2746"]
[PlyCount "81"]
[EventDate "2011.07.17"]

1. e4 e5 2. Nf3 Nc6 3. Bb5 Nf6 4. d3 Bc5 5. c3 O-O 6. O-O d6 7. Nbd2 a6 8. Ba4
Ba7 9. Bc2 Re8 10. h3 Ne7 11. Re1 Ng6 12. d4 b5 13. Nf1 Bb7 14. Ng3 d5 15. Nxe5
Nxe5 16. dxe5 Nxe4 17. Nxe4 dxe4 18. Qxd8 Raxd8 19. Bf4 h6 20. h4 e3 21. Bxe3
Bxe3 22. Rxe3 Rd2 23. Rc1 f6 24. e6 Bd5 25. Bf5 Bxa2 26. Ra1 Bd5 27. Rxa6 g5
28. e7 Kf7 29. Bg4 Rxe7 30. Bh5+ Kf8 31. Rxf6+ Kg7 32. Rg6+ Kf8 33. Rxe7 Kxe7
34. hxg5 hxg5 35. b4 Rc2 36. Rxg5 Kd6 37. Rg6+ Ke5 38. Rg3 Rc1+ 39. Kh2 Rc2 40.
Re3+ Kf4 41. Be2 1-0

[Event "World Team Championship"]
[Site "Ningbo CHN"]
[Date "2011.07.20"]
[Round "4"]
[White "Nepomniachtchi, Ian"]
[Black "Mamedyarov, Shakhriyar"]
[Result "1/2-1/2"]
[WhiteElo "2711"]
[BlackElo "2765"]
[PlyCount "56"]
[EventDate "2011.07.17"]

1. e4 e6 2. d4 d5 3. e5 c5 4. c3 Nc6 5. Nf3 Bd7 6. Be2 f6 7. O-O fxe5 8. dxe5
Nh6 9. c4 d4 10. Bxh6 gxh6 11. Nfd2 Nxe5 12. Bh5+ Ng6 13. Ne4 Qe7 14. b4 cxb4
15. c5 Qg7 16. a3 Be7 17. axb4 O-O 18. Ra3 Kh8 19. Re1 e5 20. Nbd2 Be6 21. Bxg6
hxg6 22. Qa1 Bd5 23. Rxa7 Rac8 24. Qa4 g5 25. Qd7 Rcd8 26. Qc7 Rc8 27. Qd7 Rcd8
28. Qc7 Rc8 1/2-1/2

[Event "World Team Championship"]
[Site "Ningbo CHN"]
[Date "2011.07.20"]
[Round "4"]
[White "Guseinov, Gadir"]
[Black "Svidler, Peter"]
[Result "1-0"]
[WhiteElo "2625"]
[BlackElo "2739"]
[PlyCount "65"]
[EventDate "2011.07.17"]

1. e4 c5 2. Nf3 e6 3. d4 cxd4 4. Nxd4 a6 5. Nc3 Qc7 6. Bd3 Bc5 7. Nb3 Be7 8.
O-O Nf6 9. f4 d6 10. a4 Nc6 11. a5 b5 12. axb6 Qxb6+ 13. Kh1 O-O 14. Qe2 Nb4
15. Be3 Qc7 16. Nb5 Qb8 17. N5d4 Bd7 18. Nd2 Rc8 19. c4 Nxd3 20. Qxd3 a5 21. b3
Bd8 22. Bg1 h6 23. Rae1 a4 24. e5 Ne8 25. bxa4 Rxa4 26. f5 dxe5 27. fxe6 fxe6
28. Nf5 exf5 29. Qxd7 Bg5 30. Qxa4 Bxd2 31. Rb1 Qd6 32. Rbd1 Nf6 33. Qa2 1-0

[Event "World Team Championship"]
[Site "Ningbo CHN"]
[Date "2011.07.20"]
[Round "4"]
[White "Almasi, Zoltan"]
[Black "Eljanov, Pavel"]
[Result "1/2-1/2"]
[WhiteElo "2726"]
[BlackElo "2697"]
[PlyCount "124"]
[EventDate "2011.07.17"]

1. e4 e5 2. Nf3 Nc6 3. Bb5 Nb8 4. Bf1 Nc6 5. Bb5 Nf6 6. O-O Nxe4 7. d4 Nd6 8.
Bxc6 dxc6 9. dxe5 Nf5 10. Qxd8+ Kxd8 11. Nc3 Bd7 12. h3 b6 13. b3 Be7 14. Bb2
h5 15. Rad1 Kc8 16. Ne4 Be6 17. Nfg5 Bxg5 18. Nxg5 a5 19. a4 Kb7 20. Rd3 c5 21.
Rfd1 Rae8 22. c4 Kc8 23. g4 hxg4 24. hxg4 Ne7 25. f3 Ng6 26. R3d2 Nf4 27. Kf2
Nh3+ 28. Nxh3 Rxh3 29. Kg2 Rh7 30. Rh1 Rxh1 31. Kxh1 Rd8 32. Rxd8+ Kxd8 33. Kg2
Ke7 34. Kf2 Bc8 35. Ke3 Ke6 36. Bc3 g6 37. Be1 Bb7 38. Bh4 Bc6 39. f4 Bb7 40.
f5+ gxf5 41. gxf5+ Kxf5 42. Bd8 Be4 43. e6 fxe6 44. Kd2 e5 45. Bxc7 Ke6 46.
Bxb6 Kd6 47. Bxa5 Bf5 48. Bd8 Bg4 49. Bg5 Bf3 50. Bh6 Kc6 51. Bg7 e4 52. Bh6
Bg4 53. Be3 Bf5 54. a5 Bc8 55. Bf2 Bg4 56. a6 Kb6 57. Bxc5+ Kxa6 58. b4 Kb7 59.
b5 Be6 60. Kc3 Bf7 61. Be3 Be6 62. Kd4 Bf7 1/2-1/2

[Event "World Team Championship"]
[Site "Ningbo CHN"]
[Date "2011.07.20"]
[Round "4"]
[White "Efimenko, Zahar"]
[Black "Polgar, Judit"]
[Result "1/2-1/2"]
[WhiteElo "2706"]
[BlackElo "2699"]
[PlyCount "61"]
[EventDate "2011.07.17"]

1. e4 c5 2. Nf3 e6 3. d4 cxd4 4. Nxd4 Nc6 5. Nc3 a6 6. g3 d6 7. Bg2 Bd7 8. O-O
Nf6 9. Nce2 Rc8 10. b3 b5 11. Nxc6 Bxc6 12. Qd3 Be7 13. Nd4 Bd7 14. a4 Qa5 15.
Bd2 b4 16. Rfc1 e5 17. Nf5 Bxf5 18. exf5 d5 19. c3 O-O 20. cxb4 Bxb4 21. Rxc8
Rxc8 22. Bxb4 Qxb4 23. Qxa6 Qc3 24. Qf1 e4 25. a5 e3 26. fxe3 Qxe3+ 27. Kh1 Ng4
28. Re1 Nf2+ 29. Kg1 Nh3+ 30. Kh1 Nf2+ 31. Kg1 1/2-1/2

[Event "World Team Championship"]
[Site "Ningbo CHN"]
[Date "2011.07.20"]
[Round "4"]
[White "Balogh, Csaba"]
[Black "Moiseenko, Alexander"]
[Result "1/2-1/2"]
[WhiteElo "2643"]
[BlackElo "2715"]
[PlyCount "121"]
[EventDate "2011.07.17"]

1. e4 c5 2. Nf3 Nc6 3. d4 cxd4 4. Ng1 Nb8 5. Nf3 Nc6 6. Nxd4 Nf6 7. Nc3 e5 8.
Ndb5 d6 9. Bg5 a6 10. Na3 b5 11. Nd5 Be7 12. Bxf6 Bxf6 13. c4 b4 14. Nc2 O-O
15. h4 Be6 16. g3 Rb8 17. b3 g6 18. Nxf6+ Qxf6 19. Bg2 Rfd8 20. O-O a5 21. Qe2
Qe7 22. Rad1 a4 23. Kh2 Ra8 24. Bh3 Bxh3 25. Kxh3 axb3 26. axb3 Ra2 27. Qd3
Rda8 28. Kg2 R8a6 29. Ra1 Rxa1 30. Nxa1 Nd4 31. Nc2 Nxc2 32. Qxc2 h5 33. Rd1
Qa7 34. Rd2 Kg7 35. Qd1 Ra1 36. Qf3 Qa6 37. Rd5 Rc1 38. Rb5 Rc3 39. Qd1 Qa8 40.
Qd5 Qxd5 41. cxd5 Rxb3 42. Rb6 f5 43. exf5 gxf5 44. Rxd6 Rd3 45. Rb6 b3 46. d6
Kf7 47. Rb7+ Ke6 48. d7 Ke7 49. Kf1 e4 50. Kg2 Kd8 51. Kf1 Rd1+ 52. Kg2 Rb1 53.
Kh2 Rb2 54. Kg1 Ke7 55. Kf1 Rb1+ 56. Kg2 Kd8 57. Kh2 Ke7 58. Kg2 Rb2 59. Kg1
Kd8 60. Kf1 Rb1+ 61. Kg2 1/2-1/2

[Event "World Team Championship"]
[Site "Ningbo CHN"]
[Date "2011.07.20"]
[Round "4"]
[White "Sutovsky, Emil"]
[Black "Harikrishna, Pentala"]
[Result "0-1"]
[WhiteElo "2700"]
[BlackElo "2669"]
[PlyCount "118"]
[EventDate "2011.07.17"]

1. e4 e5 2. Nf3 Nc6 3. Bb5 Nf6 4. O-O Nxe4 5. d4 Nd6 6. Bxc6 dxc6 7. dxe5 Nf5
8. Qxd8+ Kxd8 9. h3 Bd7 10. Rd1 Kc8 11. g4 Ne7 12. Ng5 Be8 13. f4 b6 14. Nc3 c5
15. Kf2 h6 16. Nf3 g6 17. Be3 Bc6 18. a4 Kb7 19. a5 Re8 20. Nd2 Nd5 21. Nxd5
Bxd5 22. Nf3 Be6 23. Rd3 Be7 24. Rad1 h5 25. Kg3 hxg4 26. hxg4 Rh7 27. R3d2 Kc6
28. axb6 cxb6 29. Rh2 Rxh2 30. Nxh2 a5 31. Rf1 Rg8 32. Ra1 Ra8 33. Rf1 Bc4 34.
Re1 Rh8 35. Nf3 Be6 36. Rd1 a4 37. Ng5 Bxg5 38. fxg5 Ra8 39. Rd6+ Kb5 40. Bc1
Rh8 41. Rd1 Kc4 42. Be3 Ra8 43. Rd3 Re8 44. Rd6 Kb5 45. Rd1 Ra8 46. Bc1 a3 47.
bxa3 Ra4 48. c3 Kc4 49. Rd6 Kxc3 50. Rxb6 Kc2 51. Be3 Rxa3 52. Kf2 c4 53. Rb4
Rb3 54. Ra4 c3 55. Ke2 Rb2 56. Rf4 Kb3+ 57. Kd3 Rb1 58. Rf3 c2 59. Kd4 Rd1+ 0-1

[Event "World Team Championship"]
[Site "Ningbo CHN"]
[Date "2011.07.20"]
[Round "4"]
[White "Wang Yue"]
[Black "Onischuk, Alexander"]
[Result "1-0"]
[WhiteElo "2709"]
[BlackElo "2675"]
[PlyCount "57"]
[EventDate "2011.07.17"]

1. Nf3 Nf6 2. c4 e6 3. g3 d5 4. Bg2 Be7 5. O-O O-O 6. d4 dxc4 7. Qc2 a6 8. a4
Bd7 9. Qxc4 Bc6 10. Bf4 a5 11. Nc3 Na6 12. Rac1 Nb4 13. Ne5 Bxg2 14. Kxg2 Nfd5
15. Nxd5 Qxd5+ 16. Qxd5 Nxd5 17. Bd2 Rfd8 18. e4 Nb6 19. Rxc7 Bd6 20. Rxb7 Bxe5
21. Rxb6 Rxd4 22. Bc3 Rxe4 23. Re1 Rxe1 24. Bxe1 Ra7 25. Bc3 Bc7 26. Rc6 Kf8
27. g4 f5 28. Bd4 Rb7 29. Rxe6 1-0

[Event "World Team Championship"]
[Site "Ningbo CHN"]
[Date "2011.07.20"]
[Round "4"]
[White "Movsesian, Sergei"]
[Black "Adly, Ahmed"]
[Result "1-0"]
[WhiteElo "2700"]
[BlackElo "2631"]
[PlyCount "80"]
[EventDate "2011.07.17"]

1. e4 c5 2. Nf3 Nf6 3. Nc3 d6 4. d4 cxd4 5. Nxd4 a6 6. g3 e5 7. Nb3 Bg4 8. Be2
Bh3 9. g4 d5 10. g5 d4 11. gxf6 dxc3 12. Qxd8+ Kxd8 13. fxg7 Bxg7 14. Rg1 Bf6
15. Rg3 cxb2 16. Bxb2 Be6 17. Rd1+ Ke8 18. Nc5 Bc8 19. Na4 Nc6 20. Nb6 Rb8 21.
Nd5 Bd8 22. Ba3 Be6 23. Bd6 Rc8 24. c3 h5 25. a4 Bg4 26. Bxg4 hxg4 27. Rxg4
Rxh2 28. Ke2 Rh8 29. Rb1 Kd7 30. Bc5 Rb8 31. Rd1 Ke8 32. Bd6 Rc8 33. Rg7 b5 34.
axb5 axb5 35. Ra1 Rh4 36. Kf3 Rh3+ 37. Kg2 Rh6 38. Bc5 Rh5 39. Rg8+ Kd7 40. Rd1
Ke6 1-0

[Event "44th Biel Chess Festival"]
[Site "Biel SUI"]
[Date "2011.07.20"]
[Round "3"]
[White "Shirov, Alexei"]
[Black "Caruana, Fabiano"]
[Result "1-0"]
[WhiteElo "2714"]
[BlackElo "2711"]
[PlyCount "125"]
[EventDate "2011.07.18"]

1. e4 e5 2. Bc4 Nf6 3. d3 c6 4. Nf3 Be7 5. O-O d6 6. Nbd2 O-O 7. Re1 Nbd7 8. a3
h6 9. Nf1 Nh7 10. Ng3 Nb6 11. Bb3 Ng5 12. c3 Bg4 13. d4 Qc8 14. Qd3 Nxf3+ 15.
gxf3 Be6 16. d5 Bh3 17. f4 exf4 18. Bxf4 Qg4 19. Bd2 Bg5 20. f3 Qh4 21. Bxg5
hxg5 22. dxc6 bxc6 23. Nf5 Bxf5 24. exf5 d5 25. Qd4 Qh6 26. Re2 Rfe8 27. Rae1
Rxe2 28. Rxe2 Qd6 29. c4 c5 30. Qd2 d4 31. Qxg5 d3 32. Re4 Nd7 33. Qe7 Qc6 34.
Re3 d2 35. Rd3 Nf6 36. Qe3 Qc7 37. Qxd2 Qe5 38. Rd8+ Rxd8 39. Qxd8+ Kh7 40. Qd2
a5 41. Kf1 Kg8 42. Bd1 Qc7 43. Ke1 Qe5+ 44. Be2 Qc7 45. Kd1 Nd7 46. h4 Nf6 47.
Kc2 Kh7 48. Kb3 Nd7 49. Ka2 Nf6 50. Bd1 Nh5 51. Ba4 f6 52. Be8 Nf4 53. Qd7 Qb8
54. Bf7 Ne2 55. Bg6+ Kh8 56. h5 Nd4 57. Kb1 Qg8 58. h6 gxh6 59. Qe7 Nxf3 60.
Bf7 Qg1+ 61. Ka2 Ne5 62. Qf8+ Kh7 63. Bg6+ 1-0